Liste des Pokémon caniformes avec exceptions - Statistiques

Statistiques générales
  • Ce quiz a été pris 9 fois
  • Le résultat moyen est 20 sur 26
Statistiques - réponses
N° Pokédex Pokémon % Correct
#0143 Ronflex
100%
#0365 Kaimorse
89%
#0087 Lamantine
89%
#0363 Obalie
89%
#0086 Otaria
89%
#0364 Phogleur
89%
#0216 Teddiursa
89%
#0901 Ursaking
89%
#0217 Ursaring
89%
#0263 Zigzaton
89%
#0263 Zigzaton de Galar
89%
#0760 Chelours
78%
#0446 Goinfrex
78%
#0759 Nounourson
78%
#0675 Pandarbare
78%
#0674 Pandespiègle
78%
#0614 Polagriffe
78%
#0613 Polarhume
78%
#0730 Oratoria
67%
#0728 Otaquin
67%
#0729 Otarlette
67%
#0327 Spinda
56%
#0435 Moufflair
44%
#0434 Moufouette
44%
#0892 Shifours
44%
#0891 Wushours
44%
Aucun quiz correspondant
Distribution des résultats
% des personnes avec chaque résultat
Percentile par nombre de réponses
Votre historique - résultats
Vous n’avez pas pris ce quiz